[Event "Baden-ch op U1600"]
[Site "Haslach im Kinzigtal"]
[Date "2010.06.05"]
[Round "6"]
[White "Strieck, Christian"]
[Black "Roth, Max"]
[Result "1-0"]
[WhiteElo "1907"]
[BlackElo "1546"]
[PlyCount "69"]
[EventDate "2010.05.31"]
[EventType "swiss"]
[EventRounds "7"]
[EventCountry "GER"]
[SourceTitle "EXT 2011"]
[Source "ChessBase"]
[SourceDate "2010.11.26"]
[SourceVersion "1"]
[SourceVersionDate "2010.11.26"]
[SourceQuality "1"]

1. e4 e5 2. Nf3 Nc6 3. Bb5 a6 4. Bxc6 dxc6 5. 0-0 Bd6 6. d4 Bg4 7. dxe5 Bxf3 8. Qxf3 Bxe5 9. Nd2 b5 10. Nb3 h5 11. c3 Qh4 12. g3 Qh3 13. Qg2 Qg4 14. f4 h4 15. fxe5 hxg3 16. Qxg3 Qe2 17. Qg2 Qh5 18. Bf4 Nh6 19. Rf3 Ng4 20. Rd3 Nxe5 21. Bxe5 Qxe5 22. Qg3 Rh5 23. Qxe5+ Rxe5 24. Nd2 Ke7 25. Rf1 Rh8 26. Rf5 Re6 27. Rg5 Reh6 28. Rg2 g6 29. Nb3 Rh5 30. Rgd2 Rg5+ 31. Kh1 Rh4 32. Rd7+ Ke8 33. Rd8+ Ke7 34. R2d7+ Ke6 35. Nd4+ 1-0